• 首页
  • 本馆介绍
  • 公告通知
  • 最新文献
  • 馆藏检索
  • 电子资源
  • 读者导购
  • 参考咨询
  • 我的图书馆
  • 登录
  • 详细信息显示
  • 放入我的书架
  • 预约/预借图书
  • 作者相关作品
  • 分类相关作品
  • 丛书相关作品
  • 出版社相关作品

书目信息

  • 表格格式
  • 工作单格式
  • 卡片格式
题名:
国际小常识
    
 
作者: 不详
分册:  
出版信息: 北京   中国少年儿童出版社  1981.10
页数: 159页
开本: 20cm
丛书名: 少年百科全书
单 册:
中图分类: G623.1
科图分类:
主题词: 教育--各级
电子资源:
ISBN:
000 00555nam0 2200217 45
001 0210221532
005 20070801140654.23
010    @dCNY0.36
091    @a7056.63
100    @a20021022d1981 km y0chiy0120 ea
101 0  @achi
200 1  @a国际小常识@AGuo Ji Xiao Chang Shi@f不详@FBu Xiang
210    @a北京@c中国少年儿童出版社@d1981.10
215    @a159页@d20cm
225    @a少年百科全书
410    @12001 @a少年百科全书
606 0  @a教育@x各级
690    @aG623.1@v3
701  0 @a不详
801    @aCN@bTSTC@c20070801
905    @dG623.1@e57@f1@b53751
    
    国际小常识/不详.-北京:中国少年儿童出版社,1981.10
    159页;20cm.-(少年百科全书)
    
    
    ISBN :CNY0.36
    
●
相关链接 在E读中查询图书 在五车中查询图书 在当当中查询图书 在豆瓣中查询图书


正题名:国际小常识     索取号:G623.1/57         预约/预借

序号 登录号 条形码 馆藏地/架位号 状态 备注
1 0053751   001719894   密集书库/ [索取号:G623.1/57] 在馆    
2 0790713   207907130   密集书库/ [索取号:G623.1/57] 在馆    
唐山师范学院图书馆 欢迎您!
大连网信软件有限公司© 版权所有